Calculus / (Record no. 185084)
[ view plain ]
| 000 -LEADER | |
|---|---|
| fixed length control field | 00952 a2200181 4500 |
| 003 - CONTROL NUMBER IDENTIFIER | |
| control field | Nust |
| 005 - DATE AND TIME OF LATEST TRANSACTION | |
| control field | 20230224120830.0 |
| 040 ## - CATALOGING SOURCE | |
| Transcribing agency | Nust |
| 082 ## - DEWEY DECIMAL CLASSIFICATION NUMBER | |
| Classification number | 515,SWO |
| 100 ## - MAIN ENTRY--PERSONAL NAME | |
| Personal name | Swokowski |
| 9 (RLIN) | 103145 |
| 245 ## - TITLE STATEMENT | |
| Title | Calculus / |
| Statement of responsibility, etc. | Swokowski and Olinick |
| 250 ## - EDITION STATEMENT | |
| Edition statement | 6th ed |
| 260 ## - PUBLICATION, DISTRIBUTION, ETC. | |
| Place of publication, distribution, etc. | Boston |
| Name of publisher, distributor, etc. | W S Co |
| 300 ## - PHYSICAL DESCRIPTION | |
| Extent | 1280:p |
| 505 ## - FORMATTED CONTENTS NOTE | |
| Formatted contents note | Precalculus Review (Page-2), Limits and Continuity (Page-82), The Derivative (Page-142), Applications of the Derivative (Page-246), Integrals (Page-342), Applications of the Definite Integral (Page-), Transcendental Functions (Page-514), Techniques of Integration (Page-628), Infinite Series (Page-692), Parametric Equations and Polar Coordinates (Page-784), Vectors and Surfaces (Page-844), Vector Valued Functions (Page-920), Partial Differentiation (Page-972), Multiple Integrals (Page-1076), Vector Calculus (Page-1166), Differential Equations (Page-1234). |
| 650 ## - SUBJECT ADDED ENTRY--TOPICAL TERM | |
| Topical term or geographic name entry element | Calcus |
| 9 (RLIN) | 103146 |
| 942 ## - ADDED ENTRY ELEMENTS (KOHA) | |
| Source of classification or shelving scheme | |
| Koha item type | Book |
| Call number prefix | 515,SWO |
| Withdrawn status | Lost status | Source of classification or shelving scheme | Damaged status | Not for loan | Permanent Location | Current Location | Shelving location | Date acquired | Full call number | Barcode | Date last seen | Price effective from | Koha item type | Public note | Total Checkouts | Date last checked out |
|---|---|---|---|---|---|---|---|---|---|---|---|---|---|---|---|---|
| Military College of Signals (MCS) | Military College of Signals (MCS) | General Stacks | 12/12/2016 | 515,SWO | MCS26109 | 12/08/2016 | 12/12/2016 | Book | Almirah No.72, Shelf No.1 | |||||||
| Military College of Signals (MCS) | Military College of Signals (MCS) | General Stacks | 12/12/2016 | 515,SWO | MCS36175 | 12/08/2016 | 12/12/2016 | Book | Almirah No.13, Shelf No.2 | |||||||
| Military College of Signals (MCS) | Military College of Signals (MCS) | General Stacks | 12/12/2016 | 515,SWO | MCS36374 | 11/28/2024 | 12/12/2016 | Book | Almirah No.13, Shelf No. 2 | 5 | 11/08/2024 | |||||
| Military College of Signals (MCS) | Military College of Signals (MCS) | General Stacks | 12/12/2016 | 515,SWO | MCS36864 | 01/26/2024 | 12/12/2016 | Book | Almirah No. 13, Shelf No. 2 | 1 | 10/20/2023 |
